MDQL
is popping MORE tags! Check the
thread
!
Quizzes
Events
Quiz Creation
Community
Videos
Private Events
Remove Ads
Sign In
Join for FREE
Feedback
Dark Mode
Quiz Categories
Sports
Geography
Music
Movies
Television
Just For Fun
Miscellaneous
History
Literature
Language
Science
Gaming
Entertainment
Religion
Holiday
For Kids
Quiz Lab
Recent
Popular Today
Quiz Kudos Today
Editor Picks
Curator Picks
Quizzes by...
Day
Popularity
Type
Ratings
Length
Year
Community
Subscriptions
Recent Discussions
Orange Saloon
Badges
Playlists
Quests
Create
Leaderboards
Showdown
Live 5
Trivia Bingo
Activity
Puzzle Library
Sporcle Events
Private Events
Virtual Trivia
Globe League
Become a Host
Pub Owners
SporcleCon
Opinionation
Our Games
Videos
Blog
Mobile Apps
Partnerships
Remove Ads and Go Orange
Feedback
Geography
Country
Landmarks
City
State
Population
World
Capital
Continent
Flags
Europe
Africa
Asia
South America
North America
Oceania
Border
Canada
United Kingdom
Topography
United States
Geography
Country
Landmarks
City
State
Population
World
Capital
Continent
Flags
Europe
Africa
Asia
South America
North America
Oceania
Border
Canada
United Kingdom
Topography
United States
Random Quiz
Search Sporcle
×
Quiz Lab
Quiz Lab
Geography
Animal
Type in answers that appear in a list
Type in answers that appear in a list
Classic
Best Score? Go Orange.
Amphibian Diversity Stats
Can you name the countries with the most Amphibian species?
By
PedroLoureno
5m
30 Questions
97 Plays
97 Plays
97 Plays
Comments
Comments
Give Quiz Kudos
Give Quiz Kudos
-
- Ratings
hide this ad
More Info
Replay
Link that replays current quiz
Next Quiz
Link to next quiz in quiz playlist
You Got
0%
They Got
Avg Score
82%
Avg Friend Score
Upgrade to see
Score Distribution
Jump to the score distribution portion of the page
Score
0/30
Timer
05:00
0
Plays Today
Country
% Correct
Brazil
100%
United States of America
96.9%
Colombia
92.8%
Peru
91.8%
China
91.8%
India
91.8%
Australia
90.7%
Indonesia
89.7%
Mexico
88.7%
Argentina
88.7%
Ecuador
87.6%
Venezuela
87.6%
Costa Rica
83.5%
Democratic Republic of Congo
82.5%
Panama
82.5%
Country
% Correct
Bolivia
82.5%
Vietnam
81.4%
Guyana
81.4%
Malaysia
80.4%
Thailand
78.4%
Madagascar
77.3%
South Africa
77.3%
Philippines
77.3%
Papua New Guinea
74.2%
Honduras
72.2%
Guatemala
71.1%
Tanzania
71.1%
Cameroon
69.1%
Myanmar
66%
France (incl. French Guyana)
59.8%
Quiz Playlist
Details
Report
Send in Message
Add To Playlist
More Info:
In this game you have to guess the 30 countries with the most recorded amphibian species according to mongabay.com.
Classic:
Type in answers that appear in a list
Last Updated: Feb 16, 2017
Quiz Scoreboard
CHALLENGE
Sign Up to Join the Scoreboard
Show All
Scores
Hide
Comments
May contain spoilers
Recently Published
1-10 Letter E Words III
by El_Dandy
Language
2m
Street Fighter Characters
by Artimus82
Gaming
60s
College Basketball Coaching Resumes
by pancakes188
Sports
9m
More to Explore
Quiz From the Vault
Featured Blog Post
Where Did the Easter Bunny Come From?
hide this ad
You Might Also Like...
Tags
Animal Quiz
Country Quiz
Amphibian
Today's Top Quizzes in Geography
Browse Geography
hide this ad
Today's Top Quizzes in Animal
Browse Animal
Top Contributed Quizzes in Geography
1
Countries of the World - No Outlines Minefield
2
Top 25 Cities of France on a map
3
Any capital of a 'B' country per Continent
4
Any capital of a 'C' country per Continent
5
Closest Countries to UK A-Z
6
Any capital of a 'D' country per Continent
7
5-to-1: US Geography No Hints
8
Any capital of an 'E' country per Continent
9
Find the US States - No Outlines
10
Any capital of an 'F' country per Continent
Explore More
Trending Topics
Marvel
Harry Potter
Disney
Anime
Crossword
Kpop
NBA
Song
Country
NFL
Pokémon
Puzzle
WWE
The Office
Soccer
hide this ad
More By:
PedroLoureno
Quiz
Plays
Rating
Category
Featured
Created
Missing Word: Animals in Movie Titles II
10,210
4.49
Just For Fun
Jul 1, 2015
Pick the country: European curiosities
833
4.62
Geography
Mar 26, 2018
LOTR crossword
688
4.67
Literature
Jun 5, 2020
Mankind Bunker
667
5.00
History
Jul 30, 2015
Portugal: True or False
660
5.00
Geography
May 1, 2018
Go to Creator's Profile
Score Distribution
Quiz Creator Spotlight
PedroLoureno
Follow
Send a Message
Quizzes Created
-
Created Quiz Play Count
-
More By This Creator
Popular Quizzes Today
1
Find the US States - No Outlines Minefield
2
Find the Countries of Europe - No Outlines Minefield
3
The Countries of the World
4
Find the US States
5
Risky Map Clicking: Biggest States A-Z
6
US States
7
Popular People in 1961
8
Movies - When Are They Set?
More Geography Quizzes
Multi 'U' Countries
Published
Trending Quizzes
Risky Map Clicking: Least Populous States A-Z
USA Borders Longest to Shortest
1-10 Letter G Words
1-10 Letter F Words
Countries of the World: 200 Million BC
Recently Updated
Beyoncé Albums
pecheneg
Leaping Animals
pecheneg
Reality TV Shows (A-Z)
bhenderson79
Rickey Henderson's Hall of Fame Teammates
pecheneg
Champions League XIs: Arsenal
pecheneg
Quick Pick: Celebrities in WWE's Hall of Fame
aduchscher
A-Z Keypad Blitz II
pecheneg
Multiple Oscar Actors
pecheneg
Mystery Phrase Blitz: Oscar 'Best Actors'
pecheneg
F. Scott Fitzgerald Novels
LTH
Trending Topics
Anime
Kpop
Crossword
Harry Potter
Marvel
Disney
NBA
Puzzle
NFL
Country
Pokémon
Song
Soccer
WWE
The Office
Your Account Isn't Verified!
In order to create a playlist on Sporcle, you need to verify the email address you used during registration. Go to your
Sporcle Settings
to finish the process.
Report this User
Report this user for behavior that violates our
Community Guidelines
.
Details:
Send Report
Go to the Sporcle.com Mobile Site →
Comments